[Event "Geneve Cavaliers Fous op 8th"]
[Site "Geneve"]
[Date "2022.09.23"]
[Round "3"]
[White "Marcacci, Anthony"]
[Black "Kupalov, Igor"]
[Result "0-1"]
[WhiteElo "1814"]
[BlackElo "1943"]
[PlyCount "88"]
[EventDate "2022.09.02"]
[EventType "swiss"]
[EventRounds "7"]
[EventCountry "SUI"]
[SourceTitle "EXT 2024"]
[Source "ChessBase"]
[SourceDate "2023.10.10"]
[SourceVersion "1"]
[SourceVersionDate "2023.10.10"]
[SourceQuality "1"]

1. e4 c5 2. Nf3 e6 3. c3 Nc6 4. d4 d5 5. exd5 Qxd5 6. Bb5 Bd7 7. 0-0 cxd4 8. Bxc6 Bxc6 9. cxd4 Bd6 10. Re1 Nf6 11. Nc3 Qh5 12. Ne5 Qxd1 13. Rxd1 Bd5 14. Bg5 Ne4 15. Nxd5 Nxg5 16. Nc3 f6 17. h4 Nf7 18. Nxf7 Kxf7 19. Nb5 Ke7 20. Rac1 Rhc8 21. Rxc8 Rxc8 22. Nxa7 Ra8 23. Nb5 Rxa2 24. Nxd6 Kxd6 25. Rd2 Ra1+ 26. Kh2 Rc1 27. Rd3 Rc4 28. Rb3 Kc6 29. Rc3 Rxc3 30. bxc3 Kd5 31. f4 Kc4 32. f5 e5 33. dxe5 fxe5 34. g4 e4 35. g5 Kd5 36. f6 gxf6 37. gxf6 Ke6 38. Kg3 Kxf6 39. Kf4 Kg6 40. Kxe4 Kh5 41. Kf5 Kxh4 42. Kf4 b5 43. Ke5 Kg5 44. Kd5 h5 0-1

[Event "Geneve Cavaliers Fous op 8th"]
[Site "Geneve"]
[Date "2022.09.16"]
[Round "2"]
[White "Kupalov, Igor"]
[Black "Belet, Yves"]
[Result "1-0"]
[WhiteElo "1943"]
[BlackElo "1514"]
[PlyCount "29"]
[EventDate "2022.09.02"]
[EventType "swiss"]
[EventRounds "7"]
[EventCountry "SUI"]
[SourceTitle "EXT 2024"]
[Source "ChessBase"]
[SourceDate "2023.10.10"]
[SourceVersion "1"]
[SourceVersionDate "2023.10.10"]
[SourceQuality "1"]

1. e4 e5 2. Nc3 Nf6 3. f4 d5 4. fxe5 Nxe4 5. Qf3 Nxc3 6. bxc3 Be7 7. d4 0-0 8. Bd3 f5 9. Ne2 g5 10. g3 Be6 11. h4 gxh4 12. Nf4 Bd7 13. gxh4 Bxh4+ 14. Ke2 Kh8 15. Qh5 1-0

[Event "SUI-ch TP1"]
[Site "Payerne"]
[Date "2022.05.26"]
[Round "1"]
[White "Bauer, Christian"]
[Black "Kupalov, Igor"]
[Result "1-0"]
[WhiteElo "2596"]
[BlackElo "1952"]
[PlyCount "35"]
[EventDate "2022.05.26"]
[EventType "swiss"]
[EventRounds "7"]
[EventCountry "SUI"]
[SourceTitle "CBM 208 Extra"]
[Source "ChessBase"]
[SourceDate "2022.07.31"]
[SourceVersion "1"]
[SourceVersionDate "2022.07.31"]
[SourceQuality "1"]

1. Nf3 Nf6 2. c4 b6 3. g3 Bb7 4. Bg2 e6 5. 0-0 Be7 6. d4 0-0 7. Re1 d5 8. cxd5 exd5 9. Nc3 c6 10. Bf4 Bd6 11. Ne5 Re8 12. e4 dxe4 13. Qb3 Qe7 14. Nxf7 Bxf4 15. Nd6+ Kf8 16. Nxe8 Bd2 17. Nxf6 gxf6 18. Rxe4 1-0

[Event "Geneve Bois Gentil op"]
[Site "Geneve"]
[Date "2022.02.11"]
[Round "4"]
[White "Shahmammadli, Safkhan"]
[Black "Kupalov, Igor"]
[Result "1-0"]
[WhiteElo "2032"]
[BlackElo "1984"]
[PlyCount "57"]
[EventDate "2022.01.14"]
[EventType "swiss"]
[EventRounds "7"]
[EventCountry "SUI"]
[SourceTitle "EXT 2023"]
[Source "ChessBase"]
[SourceDate "2022.10.05"]
[SourceVersion "1"]
[SourceVersionDate "2022.10.05"]
[SourceQuality "1"]

1. e4 e6 2. d3 d5 3. Nd2 Nf6 4. Ngf3 b6 5. g3 Bb7 6. Qe2 Be7 7. Bg2 c5 8. 0-0 Nc6 9. a3 Qc7 10. c3 0-0-0 11. b4 Ba6 12. exd5 exd5 13. bxc5 Bxc5 14. Nb3 Rhe8 15. Bh3+ Kb8 16. Nxc5 bxc5 17. Qc2 Ka8 18. Rb1 h6 19. Qa4 Bxd3 20. Bf4 Rd6 21. Bxd6 Qxd6 22. Rb6 Re4 23. Qxc6+ Qxc6 24. Rxc6 Bxf1 25. Kxf1 Rc4 26. Ne5 Rxc3 27. Rc7 c4 28. Nc6 Rxa3 29. Bc8 1-0

[Event "Geneve Cavaliers Fous op 7th"]
[Site "Geneve"]
[Date "2021.10.08"]
[Round "3"]
[White "Kupalov, Igor"]
[Black "Shahmammadli, Safkhan"]
[Result "1-0"]
[WhiteElo "2044"]
[BlackElo "1946"]
[PlyCount "125"]
[EventDate "2021.09.17"]
[EventType "swiss"]
[EventRounds "7"]
[EventCountry "SUI"]
[SourceTitle "EXT 2023"]
[Source "ChessBase"]
[SourceDate "2022.10.05"]
[SourceVersion "1"]
[SourceVersionDate "2022.10.05"]
[SourceQuality "1"]

1. e4 d6 2. Nc3 Nf6 3. f4 g6 4. Nf3 Bg7 5. Bc4 c6 6. Bb3 0-0 7. 0-0 e5 8. d3 Bg4 9. Qe1 Nbd7 10. Qh4 Bxf3 11. Rxf3 Nh5 12. Qxd8 Raxd8 13. f5 Nc5 14. Bg5 Nxb3 15. axb3 f6 16. Be3 a6 17. g4 Nf4 18. Bxf4 exf4 19. Rxf4 Rfe8 20. Rff1 Kf7 21. Rae1 Bh6 22. Re2 d5 23. Rfe1 d4 24. Na4 Bf8 25. Nb6 Bc5 26. Nc4 Bb4 27. Rf1 b5 28. Nd2 gxf5 29. Rxf5 Rg8 30. h3 Bxd2 31. Rxd2 Rg5 32. Rdf2 Rxf5 33. Rxf5 Kg6 34. Kg2 a5 35. Rc5 Rd6 36. Kf3 Re6 37. c3 dxc3 38. bxc3 Rd6 39. Ke3 Kf7 40. c4 a4 41. bxa4 b4 42. Rf5 Ke6 43. d4 Rd8 44. Kd3 Rb8 45. Rf2 Ra8 46. Ra2 b3 47. Rb2 Rxa4 48. Rxb3 Ra1 49. d5+ cxd5 50. exd5+ Ke5 51. Kc3 Rc1+ 52. Kb4 Kd4 53. Kb5 Rxc4 54. d6 Rc8 55. d7 Rc5+ 56. Kb6 Rd5 57. Kc7 Rc5+ 58. Kd6 Rd5+ 59. Ke7 Re5+ 60. Kxf6 Rd5 61. Rb7 Kc5 62. Ke6 Rd3 63. Rb8 1-0

[Event "Geneve Bois Gentil op"]
[Site "Geneve"]
[Date "2019.01.11"]
[Round "1"]
[White "Sadeghi, Purya"]
[Black "Kupalov, Igor"]
[Result "1/2-1/2"]
[WhiteElo "1588"]
[BlackElo "2108"]
[PlyCount "94"]
[EventDate "2019.01.11"]
[EventType "swiss"]
[EventRounds "7"]
[EventCountry "SUI"]
[SourceTitle "CBM 189 Extra"]
[Source "ChessBase"]
[SourceDate "2019.06.03"]
[SourceVersion "1"]
[SourceVersionDate "2019.06.03"]
[SourceQuality "1"]

1. e4 c5 2. Nf3 e6 3. c4 Nc6 4. d4 cxd4 5. Nxd4 Nf6 6. Nc3 Bb4 7. Nxc6 bxc6 8. Bd3 e5 9. 0-0 Be7 10. Be3 d6 11. f3 Be6 12. Rc1 0-0 13. Qd2 Nd7 14. b3 Nc5 15. Bb1 Qc7 16. Rfd1 Rfb8 17. f4 f6 18. Bd3 Nxd3 19. Qxd3 Rd8 20. h3 Rd7 21. Qe2 Rad8 22. Qf3 Qb7 23. Kh2 Rf8 24. f5 Bf7 25. Rd3 Bd8 26. Rcd1 Ba5 27. Na4 Rfd8 28. Qf2 Qc7 29. Qf3 Bb6 30. Nc3 Qb7 31. Bxb6 Qxb6 32. R1d2 Qb4 33. Qd1 Kf8 34. Kg1 Ke7 35. Kh1 a5 36. Kh2 a4 37. Nxa4 d5 38. cxd5 cxd5 39. exd5 Qf4+ 40. Kh1 e4 41. Rd4 Qxf5 42. Rxe4+ Kf8 43. Red4 Bxd5 44. Nb6 Qxh3+ 45. Kg1 Qe3+ 46. Kh2 Qh6+ 47. Kg1 Qe3+ 1/2-1/2

[Event "Bois Gentil op"]
[Site "Geneve"]
[Date "2016.02.26"]
[Round "6"]
[White "Kupalov, Igor"]
[Black "Cattin, Jean Pierre"]
[Result "1-0"]
[WhiteElo "2043"]
[BlackElo "1924"]
[PlyCount "37"]
[EventDate "2016.01.15"]
[EventType "swiss"]
[EventRounds "7"]
[EventCountry "SUI"]
[SourceTitle "EXT 2017"]
[Source "ChessBase"]
[SourceDate "2016.10.25"]
[SourceVersion "1"]
[SourceVersionDate "2016.10.25"]
[SourceQuality "1"]

1. e4 c5 2. Nf3 e6 3. d4 cxd4 4. Nxd4 a6 5. Be2 Qc7 6. 0-0 b5 7. f4 Bc5 8. Kh1 Bb7 9. Bf3 Nf6 10. Nc3 d6 11. e5 dxe5 12. fxe5 Nfd7 13. Nb3 Be7 14. Bxb7 Qxb7 15. Qg4 g6 16. Qf4 0-0 17. Ne4 Nc6 18. Nf6+ Kg7 19. Qh6+ 1-0

[Event "Bois Gentil op"]
[Site "Geneve"]
[Date "2016.01.15"]
[Round "1"]
[White "Lesquereux, Nicolas"]
[Black "Kupalov, Igor"]
[Result "0-1"]
[WhiteElo "1677"]
[BlackElo "2043"]
[PlyCount "38"]
[EventDate "2016.01.15"]
[EventType "swiss"]
[EventRounds "7"]
[EventCountry "SUI"]
[SourceTitle "EXT 2017"]
[Source "ChessBase"]
[SourceDate "2016.10.25"]
[SourceVersion "1"]
[SourceVersionDate "2016.10.25"]
[SourceQuality "1"]

1. e4 c5 2. Bc4 e6 3. Nc3 Nc6 4. Nf3 d6 5. d4 cxd4 6. Nxd4 Nf6 7. 0-0 Be7 8. b3 0-0 9. Bb2 a6 10. Re1 Nxd4 11. Qxd4 b5 12. Bf1 Bb7 13. e5 dxe5 14. Qxd8 Rfxd8 15. Rxe5 Ng4 16. Rh5 g6 17. Rh3 Bc5 18. Rd3 Nxf2 19. Rxd8+ Rxd8 0-1

[Event "Bois Gentil op"]
[Site "Geneve"]
[Date "2014.02.14"]
[Round "6"]
[White "Kupalov, Igor"]
[Black "De Abreu, Orlando"]
[Result "1-0"]
[WhiteElo "2101"]
[BlackElo "2012"]
[PlyCount "67"]
[EventDate "2014.01.10"]
[EventType "swiss"]
[EventRounds "7"]
[EventCountry "SUI"]
[SourceTitle "CBM 158 Extra"]
[Source "ChessBase"]
[SourceDate "2014.02.28"]
[SourceVersion "1"]
[SourceVersionDate "2014.02.28"]
[SourceQuality "1"]

1. e4 Nc6 2. Nf3 e5 3. Bb5 f5 4. d3 fxe4 5. dxe4 Nf6 6. Nc3 Bc5 7. Qd3 Nb4 8. Qe2 c6 9. Bc4 d5 10. exd5 0-0 11. dxc6+ Kh8 12. h3 e4 13. Ng5 Qe7 14. cxb7 Bxb7 15. Ne6 e3 16. Bxe3 Bxe3 17. fxe3 Ne4 18. Nxe4 Qh4+ 19. Nf2 Rxf2 20. Qxf2 Qxc4 21. Nd4 Ba6 22. a3 Nd5 23. 0-0-0 Qa2 24. e4 Nf6 25. Nb3 Rc8 26. e5 Ne4 27. Qe3 Bc4 28. Qxe4 Bxb3 29. Qd3 Qa1+ 30. Kd2 Qxb2 31. Qxb3 Qxe5 32. Rhe1 Qg5+ 33. Qe3 Qa5+ 34. Kc1 1-0